| 000 | 00494nam a22001577a 4500 | ||
|---|---|---|---|
| 999 |
_c9027 _d9027 |
||
| 003 | AR-CdUCM | ||
| 008 | 190327b ||||| |||| 00| 0 spa d | ||
| 040 |
_aMUNICIPALIDAD PROVINCIAL DEL CUSCO _cBIBLIOTECA MUNICIPAL DEL CUSCO |
||
| 082 |
_a869.56 / _bC22 |
||
| 100 |
_aCambours Ocampo, Arturo _924977 |
||
| 245 |
_aJuan Ramon Jimenez : _bPoetica / |
||
| 260 |
_aArgentina : _bAgencia General de Publicaciones , _c1943. |
||
| 300 |
_a23 páginas ; _c26.5 cm. |
||
| 942 |
_2ddc _cLIBROS |
||
| 945 | _artm | ||